Pediadatos (Registro nro. 273508)

Detalles MARC
000 -ENCABEZADO
Número de control [NR] 00884 a2200241 4500
005 - FECHA Y HORA DE LA ÚLTIMA TRANSACCIÓN
control field 20210204151333.0
008 - DE LONGITUD FIJA DE DATOS DE ELEMENTOS - INFORMACIÓN GENERAL
Elementos de longitud fija [NR] 140610s2011 ck ad fr|||| 00| 0 spa d
020 ## - NUMERO INTERNACIONAL NORMALIZADO PARA LIBROS [R]
Número Internacional Normalizado del libro [NR] 9589595268
040 ## - FUENTE DE CATALOGACION [NR]
Agencia de catalogación original [NR] CO-BoUCM
Idioma de catalogación [NR] spa
Quien Cataloga Deissy Garcia (modificó)
Quien Clasifica Jose A. Gerena
041 0# - CODIGO DE IDIOMA [R]
Código de idioma para texto/pista de sonido o título separado [R] Español
060 ## - SIGNATURA TOPOGRAFICA DE LA BIBLIOTECA NACIONAL DE MEDICINA (NLM) [R]
Número clasificador [R] WS 16
100 1# - ASIENTO PRINCIPAL--NOMBRE PERSONAL [NR]
Nombre personal [NR] Velásquez Gaviria, Óscar Jaime
ID Autoridad 53254
245 10 - MENCION DE TITULO [NR]
Título [NR] Pediadatos
Parte restante del título [NR] tablas, fórmulas y valores normales de pediatría
Mención de responsabilidad, etc. [NR] Óscar Jaime Velásquez Gaviria
250 ## - MENCION DE EDICION [NR]
Mención de edición [NR] 3a. Ed.
260 ## - PUBLICACION, DISTRIBUCION, ETC. (PIE DE IMPRENTA) [R]
Fecha de publicación, distribución, etc. [R] 2011
Lugar de publicación, distribución, etc. [R] Medellín (Colombia)
Nombre del editor, distribuidor, etc. [R] Grupo editorial Legis
-- Health Book's
300 ## - DESCRIPCION FISICA [R]
Extensión [R] 778 páginas
Otros detalles físicos [NR] ilustraciones, cuadros gráficas
504 ## - NOTA DE BIBLIOGRAFIA, ETC. [R]
Nota de bibliografía, etc. [NR] Incluye referencias bibliográficas
650 #7 - ASIENTO SECUNDARIO DE MATERIA - TERMINO TEMATICO [R]
9 (RLIN) 12103
Término temático o nombre geográfico como elemento de entrada [NR] Crecimiento humano
650 #7 - ASIENTO SECUNDARIO DE MATERIA - TERMINO TEMATICO [R]
9 (RLIN) 12971
Término temático o nombre geográfico como elemento de entrada [NR] Desarrollo infantil
650 #7 - ASIENTO SECUNDARIO DE MATERIA - TERMINO TEMATICO [R]
9 (RLIN) 21221
Término temático o nombre geográfico como elemento de entrada [NR] Pediatría
690 ## - ASUNTO AGREGADO LOCAL DE ENTRADA - TÉRMINO TEMÁTICO (OCLC, RLIN)
Acceso temático local Pediatría
9 (RLIN) 21221
942 ## - ELEMENTOS DE ENTRADA AGREGADOS (KOHA)
Tema principal Medicina
Tipo de ítem principal el descrito en 300a Libro
Edición 2
Parte restante de la signatura top. V434p
Sistema de clasificación NLM
Clasificación WS 16
Título oculto en OPAC No
Existencias
Fecha de último préstamo Total préstamos Total Renewals Signatura topográfica Código de barras Última vez visto Volúmen / Fascículo Ejemplar Costo de reposición Price effective from Tipo de ítem Perdido Sistema de clasificación Dañado No prestable Tipo de ítem específico Suprimido Ubicación habitual Ubicación actual Localización Fecha de creación Proveedor Forma de adquisición Costo
10/11/2022 13 17 WS 16 V434p 200027697 12/12/2025 2a.Ed. Ej.1 26000.00 04/06/2014 Libro   NLM     Libro   Quinta de Mutis Quinta de Mutis 2do piso 04/06/2014 12 Donación 0.00
22/09/2025 5 5 WS 16 V434p 100166978 12/12/2025 3a.Ed. Ej.1 26000.00 03/12/2020 Libro   NLM     Libro   Quinta de Mutis Quinta de Mutis 2do piso 03/12/2020 12 Donación 0.00